01012nam a22002412 45000010005000000030008000050050017000130080039000300350018000690400037000870410011001240820026001352450184001612600055003453000021004006500054004216500053004757000025005287400041005539420012005949990015006069520149006213274BD-RjUL20211208233714.0131218s1966 ne d 000 0 eng a(BD-RjUL)3308 aDLCcDLCdUKMdEQOdBD-RjULbeng0 aengmul04a332.103216bELS 196600aElsevier's banking dictionary in six languages : English-American, French, Italian, Spanish, Dutch, and German /cCompiled and arr. on an English alphabetical base by Julio Ricci. aAmsterdam ;aNew York :bElsevier Pub. Co.,c1966. a302 p. ;c20 cm. 0aBanks and bankingxDictionariesxPolyglot.910338 0aEnglish languagevDictionariesxPolyglot.9103391 aRicci, Julio.91034001aBanking dictionary in six languages. 2ddccBK c3274d3274 00102ddc40718NFICaRUCLbRUCLcReadingd1967-05-24ePakis. book centreg56.25l0o332.103 ELS 1966r2013-12-18 00:00:00tC-1w2021-12-08yBK